[Event "II HSL Istok 2015"]
[Site "Dalj, Vukovar, Zupanja, Oraho"]
[Date "2016.05.14"]
[Round "4.23"]
[White "Babic, Andrija"]
[Black "Mladenovic, Velisa"]
[Result "1-0"]
[WhiteElo "2069"]
[BlackElo "2099"]
[PlyCount "151"]
[EventDate "2016.04.16"]
[EventType "tourn"]
[EventRounds "11"]
[Source "Croatia"]
[SourceDate "2016.04.16"]

1. e4 c6 2. d4 d5 3. Nc3 g6 4. e5 Bg7 5. f4 h5 6. Nf3 Bg4 7. h3 Bxf3 8. Qxf3 e6
9. Be3 h4 10. Bd3 Nh6 11. O-O-O Nd7 12. g4 hxg3 13. Qxg3 Qe7 14. h4 O-O-O 15.
Rdg1 Bf8 16. Bf2 Nf5 17. Bxf5 exf5 18. h5 Rh6 19. hxg6 Rxg6 20. Qd3 Qe6 21. Rh5
Bh6 22. Qxf5 Rdg8 23. Rf1 Rg4 24. Be3 Qg6 25. Kd1 Bf8 26. Qxg6 fxg6 27. Rh2 Be7
28. Rfh1 Rf8 29. Ke2 g5 30. Kf3 Rgxf4+ 31. Bxf4 Rxf4+ 32. Ke3 Nf8 33. Rf2 Ne6
34. Rxf4 gxf4+ 35. Kd3 f3 36. Rf1 Ng5 37. Nb1 c5 38. c3 c4+ 39. Kc2 b5 40. Nd2
a5 41. Nxf3 Ne6 42. Rh1 b4 43. Rh8+ Kd7 44. Ra8 Bd8 45. cxb4 axb4 46. Rb8 Be7
47. Ra8 Nc7 48. Rg8 Ne6 49. Rg6 Nf4 50. Rh6 Ne6 51. Rh7 Kd8 52. Rh1 Kd7 53. Ra1
Bd8 54. Rd1 Bb6 55. Rd2 Ba5 56. Rh2 Bb6 57. Rh7+ Kd8 58. Rb7 Nxd4+ 59. Nxd4
Bxd4 60. Rb5 Ke7 61. Rxd5 Bf2 62. Rb5 Be1 63. Rb6 Kd7 64. e6+ Ke7 65. a4 b3+
66. Kd1 Bf2 67. Rc6 Bd4 68. Kc1 Be3+ 69. Kb1 Bd2 70. Ra6 c3 71. bxc3 Bxc3 72.
Rc6 Bb4 73. Kb2 Bd6 74. a5 Kxe6 75. a6 Kd7 76. Rxd6+ 1-0

[Event "II HSL Istok 2015"]
[Site "Dalj, Vukovar, Zupanja, Oraho"]
[Date "2016.05.14"]
[Round "4.24"]
[White "Milosevic, Milutin"]
[Black "Egerc, Josip"]
[Result "1-0"]
[WhiteElo "2055"]
[BlackElo "2029"]
[PlyCount "63"]
[EventDate "2016.04.16"]
[EventType "tourn"]
[EventRounds "11"]
[Source "Croatia"]
[SourceDate "2016.04.16"]

1. d4 Nf6 2. Nf3 d6 3. c4 g6 4. Nc3 Bg7 5. e3 O-O 6. Be2 Nbd7 7. O-O e5 8. Qc2
Qe7 9. dxe5 Nxe5 10. Nxe5 Qxe5 11. Bf3 Ng4 12. g3 Qh5 13. Bxg4 Bxg4 14. f4 Rfe8
15. Bd2 Bf5 16. Qb3 Rab8 17. Rf2 Bd3 18. Nd5 Qf5 19. Nxc7 Rec8 20. Nd5 Qe4 21.
Ne7+ Qxe7 22. Qxd3 Bxb2 23. Rb1 Bg7 24. Bb4 Rc6 25. Rd2 Re8 26. Bxd6 Rxd6 27.
Qxd6 Qxe3+ 28. Rf2 Bd4 29. Rbf1 Qd2 30. Kh1 Re2 31. Rxe2 Qxe2 32. Qd8+ 1-0

[Event "II HSL Istok 2015"]
[Site "Dalj, Vukovar, Zupanja, Oraho"]
[Date "2016.05.14"]
[Round "4.25"]
[White "Lesic, Krunoslav"]
[Black "Masirevic, Miroljub"]
[Result "1-0"]
[WhiteElo "2010"]
[BlackElo "1894"]
[PlyCount "81"]
[EventDate "2016.04.16"]
[EventType "tourn"]
[EventRounds "11"]
[Source "Croatia"]
[SourceDate "2016.04.16"]

1. e4 c5 2. Nf3 Nc6 3. c3 e6 4. d4 cxd4 5. cxd4 d5 6. e5 Qb6 7. Nc3 Bb4 8. Bd2
Nxd4 9. Nxd4 Qxd4 10. Bb5+ Kf8 11. Qe2 a6 12. Bd3 Ne7 13. O-O Nc6 14. Rae1 Be7
15. a3 h5 16. g3 b5 17. b4 Bb7 18. Kg2 h4 19. f4 g6 20. Rc1 Qb6 21. g4 h3+ 22.
Kh1 Qd8 23. f5 d4 24. fxe6 Nxe5+ 25. Kg1 f6 26. Qxe5 dxc3 27. Rxc3 Kg7 28. Qg3
Qd5 29. Rc7 Rae8 30. g5 Qh1+ 31. Kf2 Qg2+ 32. Qxg2 hxg2 33. gxf6+ Kh7 34. Re1
Bd5 35. Rxe7+ Rxe7 36. fxe7 Re8 37. Re5 Bf3 38. Bg5 Kg7 39. Be4 Bg4 40. Kxg2
Rc8 41. Rc5 1-0

[Event "II HSL Istok 2015"]
[Site "Dalj, Vukovar, Zupanja, Oraho"]
[Date "2016.05.14"]
[Round "4.26"]
[White "Vukajlovic, Zorana"]
[Black "Dabic, Stjepan"]
[Result "0-1"]
[WhiteElo "1746"]
[BlackElo "1601"]
[PlyCount "104"]
[EventDate "2016.04.16"]
[EventType "tourn"]
[EventRounds "11"]
[Source "Croatia"]
[SourceDate "2016.04.16"]

1. e4 c5 2. Nf3 d6 3. d4 cxd4 4. Nxd4 Nf6 5. Nc3 g6 6. f3 Bg7 7. Be3 O-O 8. Qd2
Nc6 9. g4 Be6 10. h4 Ne5 11. O-O-O Rc8 12. h5 Nc4 13. Nxe6 fxe6 14. Bxc4 Rxc4
15. hxg6 hxg6 16. Bh6 Qa5 17. Bxg7 Kxg7 18. Qh6+ Kf7 19. g5 Ng8 20. Qh7+ Ke8
21. Qxg6+ Kd7 22. Rh8 Rcc8 23. Qh5 Qe5 24. Kb1 Rc5 25. Qh1 Rfc8 26. Rd3 Qxg5
27. Qc1 Qg7 28. Rh1 b5 29. Qe3 a6 30. Rh2 R8c7 31. f4 Rc4 32. e5 b4 33. Ne4
Rxe4 34. Qc1 Rec4 35. exd6 exd6 36. Qd1 R7c6 37. Rhd2 Qe7 38. Qg1 Nf6 39. Qa7+
Ke8 40. Qa8+ Kf7 41. Qh8 Rxf4 42. Qh2 Rf1+ 43. Rd1 Rxd1+ 44. Rxd1 d5 45. Rf1 e5
46. Re1 e4 47. Rd1 Qc7 48. Qf2 Ke6 49. Rf1 Qe5 50. Re1 d4 51. Qd2 a5 52. Qe2 a4
0-1

[Event "II HSL Istok 2015"]
[Site "Dalj, Vukovar, Zupanja, Oraho"]
[Date "2016.05.14"]
[Round "4.32"]
[White "Berke, Ana"]
[Black "Licina, Zoran"]
[Result "1/2-1/2"]
[WhiteElo "2130"]
[BlackElo "2204"]
[PlyCount "41"]
[EventDate "2016.04.16"]
[EventType "tourn"]
[EventRounds "11"]
[Source "Croatia"]
[SourceDate "2016.04.16"]

1. e4 c5 2. Nf3 Nc6 3. Bb5 g6 4. O-O Bg7 5. Re1 Nf6 6. c3 O-O 7. d4 Qb6 8. Bxc6
dxc6 9. Nbd2 cxd4 10. cxd4 Rd8 11. h3 Ne8 12. Nc4 Qa6 13. Nce5 Be6 14. Qc2 Rac8
15. b3 f6 16. Nc4 Bf7 17. Bb2 c5 18. d5 e6 19. dxe6 Bxe6 20. Rad1 Bxc4 21. bxc4
1/2-1/2

[Event "II HSL Istok 2015"]
[Site "Dalj, Vukovar, Zupanja, Oraho"]
[Date "2016.05.14"]
[Round "4.33"]
[White "Ljikar, Zoran"]
[Black "Huis, Dinko"]
[Result "1/2-1/2"]
[WhiteElo "2253"]
[BlackElo "2165"]
[PlyCount "54"]
[EventDate "2016.04.16"]
[EventType "tourn"]
[EventRounds "11"]
[Source "Croatia"]
[SourceDate "2016.04.16"]

1. e4 c5 2. Nf3 d6 3. d4 cxd4 4. Nxd4 Nf6 5. Nc3 a6 6. Be3 e5 7. Nb3 Be6 8. Qd2
Be7 9. f3 O-O 10. O-O-O Qc7 11. g4 Rc8 12. g5 Nh5 13. Nd5 Bxd5 14. exd5 a5 15.
a4 Nd7 16. Bh3 Rcb8 17. Nxa5 Nc5 18. Bxc5 Rxa5 19. Bg4 Nf4 20. Be3 Rxa4 21. b3
Ra2 22. Bxf4 Rba8 23. Qd3 Qa5 24. Be3 Ra1+ 25. Kb2 Ra2+ 26. Kc1 Ra1+ 27. Kb2
Ra2+ 1/2-1/2

[Event "II HSL Istok 2015"]
[Site "Dalj, Vukovar, Zupanja, Oraho"]
[Date "2016.05.14"]
[Round "4.34"]
[White "Marjancevic, Slavko"]
[Black "Tomerlin, Sinisa"]
[Result "0-1"]
[WhiteElo "2058"]
[BlackElo "2255"]
[PlyCount "56"]
[EventDate "2016.04.16"]
[EventType "tourn"]
[EventRounds "11"]
[Source "Croatia"]
[SourceDate "2016.04.16"]

1. e4 c5 2. Nf3 d6 3. d4 cxd4 4. Nxd4 Nf6 5. Nc3 a6 6. Be2 e5 7. Nb3 Be7 8. O-O
O-O 9. f4 b5 10. a3 Bb7 11. Bf3 Nbd7 12. f5 Rc8 13. Qe2 Nb6 14. Rd1 Qc7 15. g4
h6 16. Kg2 Rfd8 17. h4 d5 18. exd5 Nbxd5 19. Nxd5 Nxd5 20. c3 Bxh4 21. Kh3 Bg5
22. Bxg5 hxg5 23. Bxd5 Bxd5 24. Nd2 Qc6 25. Kg3 e4 26. Qe3 Qd6+ 27. Kg2 Qf4 28.
Qh3 Bb7 0-1

[Event "II HSL Istok 2015"]
[Site "Dalj, Vukovar, Zupanja, Oraho"]
[Date "2016.05.14"]
[Round "4.35"]
[White "Grguric, Zeljko"]
[Black "Buric, Danijel"]
[Result "0-1"]
[WhiteElo "2095"]
[BlackElo "2150"]
[PlyCount "56"]
[EventDate "2016.04.16"]
[EventType "tourn"]
[EventRounds "11"]
[Source "Croatia"]
[SourceDate "2016.04.16"]

1. Nc3 d5 2. e4 Nf6 3. f3 e5 4. d4 dxe4 5. dxe5 Qxd1+ 6. Kxd1 Ng8 7. Nxe4 Nd7
8. f4 b6 9. Nf3 Bb7 10. Bd3 O-O-O 11. Ke2 f6 12. e6 Nc5 13. Nxc5 Bxc5 14. Be3
Bd5 15. f5 Ne7 16. Rad1 g6 17. g4 Kb7 18. Bxc5 bxc5 19. c4 Bc6 20. Bc2 Rdg8 21.
Rhg1 h5 22. fxg6 hxg4 23. Rxg4 f5 24. Rg3 Bxf3+ 25. Kxf3 Rxh2 26. Rd7 Nxg6 27.
Rxg6 Rxg6 28. Bxf5 Rf6 0-1

[Event "II HSL Istok 2015"]
[Site "Dalj, Vukovar, Zupanja, Oraho"]
[Date "2016.05.14"]
[Round "4.36"]
[White "Bojanic, Borislav"]
[Black "Jozic, Zoran"]
[Result "0-1"]
[WhiteElo "1921"]
[BlackElo "1951"]
[PlyCount "130"]
[EventDate "2016.04.16"]
[EventType "tourn"]
[EventRounds "11"]
[Source "Croatia"]
[SourceDate "2016.04.16"]

1. d4 c5 2. Nf3 e6 3. c4 Nf6 4. Nc3 Be7 5. d5 d6 6. e3 e5 7. Bd3 Bg4 8. h3 Bh5
9. g4 Bg6 10. Qc2 a6 11. Bd2 Nbd7 12. Ke2 Nb6 13. Rag1 Kf8 14. Ne4 Nbd7 15. h4
Bxe4 16. Bxe4 Nxe4 17. Qxe4 b5 18. g5 bxc4 19. h5 g6 20. hxg6 fxg6 21. Rh3 Kg8
22. Rgh1 Nf8 23. Qxc4 Qd7 24. Bc3 Qf5 25. e4 Qf7 26. Nxe5 dxe5 27. Rf3 Qxf3+
28. Kxf3 Bd6 29. Ke2 Nd7 30. f4 Nb6 31. Qb3 Rb8 32. fxe5 Nd7 33. Qc4 Nxe5 34.
Bxe5 Bxe5 35. d6+ Kg7 36. b3 Bd4 37. Rf1 Rhe8 38. Kd3 Rb7 39. Qxa6 Rd7 40. Re1
Red8 41. e5 Bxe5 42. Rxe5 Rxd6+ 43. Kc3 Rxa6 44. Rxc5 Rxa2 45. Rc7+ Kg8 46. b4
Rad2 47. b5 Rd1 48. Kb4 R1d7 49. Rc6 Rb7 50. b6 Rdb8 51. Kc5 Kg7 52. Rd6 h5 53.
Rc6 Rxb6 54. Rc7+ Kh8 55. Kd5 Rb5+ 56. Ke6 Rf8 57. Ke7 Kg8 58. Rc6 Rf7+ 59. Ke6
Rxg5 60. Rc8+ Kg7 61. Rc4 Rg4 62. Rc3 Rg1 63. Re3 Ra1 64. Rb3 Ra5 65. Rh3 Rf6+
0-1

[Event "II HSL Istok 2015"]
[Site "Dalj, Vukovar, Zupanja, Oraho"]
[Date "2016.05.14"]
[Round "4.41"]
[White "Lajthajm, Borko"]
[Black "Lalic, Kristijan"]
[Result "1-0"]
[WhiteElo "2435"]
[BlackElo "2273"]
[PlyCount "53"]
[EventDate "2016.04.16"]
[EventType "tourn"]
[EventRounds "11"]
[Source "Croatia"]
[SourceDate "2016.04.16"]

1. d4 Nf6 2. c4 g6 3. Nc3 Bg7 4. e4 O-O 5. Nf3 d6 6. h3 e5 7. d5 Nbd7 8. Bg5 h6
9. Be3 Nh5 10. Qd2 g5 11. O-O-O Nc5 12. Ne1 Nf4 13. g3 Ng6 14. h4 f6 15. Be2
Bd7 16. Bh5 Be8 17. f3 Qd7 18. Bg4 Qe7 19. Bf5 a6 20. Nc2 b5 21. Bxc5 dxc5 22.
Be6+ Kh7 23. Ne3 b4 24. Nb1 Bf7 25. Nf5 Qd8 26. hxg5 fxg5 27. Qh2 1-0

[Event "II HSL Istok 2015"]
[Site "Dalj, Vukovar, Zupanja, Oraho"]
[Date "2016.05.14"]
[Round "4.42"]
[White "Spoljar, Marijan"]
[Black "Majeric, Zoran"]
[Result "1/2-1/2"]
[WhiteElo "2237"]
[BlackElo "2235"]
[PlyCount "70"]
[EventDate "2016.04.16"]
[EventType "tourn"]
[EventRounds "11"]
[Source "Croatia"]
[SourceDate "2016.04.16"]

1. e4 c5 2. Nf3 e6 3. b3 b6 4. Bb2 Bb7 5. Nc3 d6 6. d4 cxd4 7. Nxd4 a6 8. Be2
Nf6 9. Bf3 Nbd7 10. O-O Be7 11. Re1 O-O 12. g3 Rc8 13. Bg2 Rc7 14. Qd2 Qa8 15.
f3 Re8 16. Nd1 Bf8 17. c4 Nc5 18. Nf2 Nfd7 19. Rac1 Ne5 20. Ba1 Nc6 21. Nc2
Rcc8 22. Ng4 Ne7 23. Qc3 Ng6 24. Nge3 b5 25. Rcd1 Qa7 26. Qd4 Qa8 27. h4 Qb8
28. h5 Ne5 29. h6 bxc4 30. bxc4 Red8 31. f4 Nc6 32. Qc3 Na4 33. Qb3 Nc5 34. Qc3
Na4 35. Qb3 Nc5 1/2-1/2

[Event "II HSL Istok 2015"]
[Site "Dalj, Vukovar, Zupanja, Oraho"]
[Date "2016.05.14"]
[Round "4.43"]
[White "Radulovic, Bojan"]
[Black "Sargac, Rajna"]
[Result "1-0"]
[WhiteElo "2250"]
[BlackElo "2174"]
[PlyCount "51"]
[EventDate "2016.04.16"]
[EventType "tourn"]
[EventRounds "11"]
[Source "Croatia"]
[SourceDate "2016.04.16"]

1. e4 e6 2. d4 d5 3. Nc3 Bb4 4. a3 Ba5 5. e5 Ne7 6. b4 Bb6 7. Nf3 Nf5 8. h4 h5
9. Ne2 a6 10. c3 Bd7 11. Nf4 Bb5 12. Bxb5+ axb5 13. Qd3 c6 14. Nxh5 Rxh5 15. g4
Rh8 16. gxf5 Qd7 17. Rg1 Na6 18. Rxg7 Nc7 19. Ng5 O-O-O 20. Nxf7 Kb8 21. f6 Qe8
22. Nxh8 Qxh8 23. Qh7 Qf8 24. f7 Na6 25. Rg8 Qe7 26. Bg5 1-0

[Event "II HSL Istok 2015"]
[Site "Dalj, Vukovar, Zupanja, Oraho"]
[Date "2016.05.14"]
[Round "4.44"]
[White "Cubelic, Milan"]
[Black "Lukic, Milutin"]
[Result "1-0"]
[WhiteElo "2100"]
[BlackElo "1988"]
[PlyCount "52"]
[EventDate "2016.04.16"]
[EventType "tourn"]
[EventRounds "11"]
[Source "Croatia"]
[SourceDate "2016.04.16"]

1. e4 c6 2. d3 g6 3. g3 Bg7 4. Bg2 h5 5. h3 e6 6. c4 c5 7. Nc3 a6 8. Nge2 Nc6
9. Be3 d6 10. Qd2 h4 11. g4 e5 12. f4 Nge7 13. f5 gxf5 14. exf5 Nd4 15. O-O Rb8
16. f6 Bxf6 17. Rxf6 Bxg4 18. hxg4 h3 19. Be4 d5 20. cxd5 Rg8 21. g5 Ng6 22.
Raf1 Qd7 23. Kh2 Nf4 24. Bxf4 exf4 25. Qxf4 Rd8 26. Nxd4 cxd4 1-0

[Event "II HSL Istok 2015"]
[Site "Dalj, Vukovar, Zupanja, Oraho"]
[Date "2016.05.14"]
[Round "4.45"]
[White "Kitarovic, Mihajlo"]
[Black "Fadljevic, Ivan"]
[Result "1/2-1/2"]
[WhiteElo "2017"]
[BlackElo "1912"]
[PlyCount "133"]
[EventDate "2016.04.16"]
[EventType "tourn"]
[EventRounds "11"]
[Source "Croatia"]
[SourceDate "2016.04.16"]

1. d4 Nf6 2. Nf3 g6 3. c4 Bg7 4. Nc3 d5 5. Bf4 c6 6. e3 O-O 7. Be2 Nbd7 8. h3
dxc4 9. Bxc4 Nb6 10. Bb3 Nfd5 11. Bg3 Nxc3 12. bxc3 c5 13. Nd2 cxd4 14. cxd4
Bd7 15. O-O Bc6 16. Rc1 Qd7 17. Nc4 Qd5 18. f3 Nxc4 19. Bxc4 Qa5 20. Bb3 Rad8
21. d5 Rd7 22. e4 Bb5 23. Rf2 Bh6 24. f4 Qb6 25. Kh2 e6 26. a4 Ba6 27. Qc2 exd5
28. Bxd5 Qd8 29. Rf3 Kh8 30. Rc3 b6 31. Rc7 f5 32. Qc3+ Bg7 33. Qc6 Rd6 34. Qc2
fxe4 35. Bxe4 Rd2 36. Qc6 Rd6 37. Qc2 Rd2 38. Qc6 Rd6 39. Qc2 Rd2 40. Qb3 Qd4
41. Bf3 Be2 42. Bb7 Rd3 43. Qe6 Rxg3 44. Qxe2 Qxf4 45. Kh1 Re3 46. Qg4 Qxg4 47.
hxg4 a5 48. Rc8 Ree8 49. Rxe8 Rxe8 50. Rc8 Rxc8 51. Bxc8 Bd4 52. Kh2 Bf2 53.
Bd7 Kg7 54. Kh3 Kf6 55. Bb5 Kg5 56. Bd7 Kf4 57. Be8 Be1 58. Bf7 Bf2 59. Be8 Bg1
60. Bf7 Ke5 61. Be8 Kf6 62. Kg3 Ke5 63. Kf3 Kf6 64. Bb5 h5 65. gxh5 gxh5 66.
Be8 Kg5 67. Bd7 1/2-1/2

[Event "II HSL Istok 2015"]
[Site "Dalj, Vukovar, Zupanja, Oraho"]
[Date "2016.05.14"]
[Round "4.46"]
[White "Benes, Miodrag"]
[Black "Nikolic, Milenko"]
[Result "1-0"]
[WhiteElo "1916"]
[BlackElo "2016"]
[PlyCount "59"]
[EventDate "2016.04.16"]
[EventType "tourn"]
[EventRounds "11"]
[Source "Croatia"]
[SourceDate "2016.04.16"]

1. d4 Nf6 2. c4 e6 3. Nc3 d5 4. Nf3 Be7 5. Bf4 c6 6. e3 Nbd7 7. Qc2 h6 8. cxd5
exd5 9. Bd3 Nf8 10. Ne5 Be6 11. O-O-O Bd6 12. Kb1 Qc7 13. Rc1 Nh5 14. Nb5 cxb5
15. Qxc7 Bxc7 16. Rxc7 a6 17. Rxb7 g5 18. Bg3 Nd7 19. Nxd7 Bxd7 20. Be5 Rg8 21.
Rc1 Ng7 22. Rcc7 Be6 23. Ra7 Rxa7 24. Rxa7 Bc8 25. Ra8 Kd8 26. Bxg7 Kc7 27.
Be5+ Kb7 28. Rb8+ Ka7 29. Kc1 f6 30. Bd6 1-0

[Event "II HSL Istok 2015"]
[Site "Dalj, Vukovar, Zupanja, Oraho"]
[Date "2016.05.14"]
[Round "4.51"]
[White "Aleksic, Robert"]
[Black "Stipandic, Marko"]
[Result "0-1"]
[WhiteElo "2197"]
[BlackElo "2049"]
[PlyCount "106"]
[EventDate "2016.04.16"]
[EventType "tourn"]
[EventRounds "11"]
[Source "Croatia"]
[SourceDate "2016.04.16"]

1. e4 c5 2. Nf3 d6 3. c3 Nc6 4. d4 Bg4 5. d5 Nb8 6. h3 Bxf3 7. Qxf3 Nd7 8. a4
g6 9. Be2 Bg7 10. O-O Ngf6 11. Nd2 O-O 12. Qg3 Rc8 13. Re1 Re8 14. f4 e6 15.
dxe6 Rxe6 16. Bf3 c4 17. Qf2 Qa5 18. Kh1 b5 19. Ra3 bxa4 20. Qe2 Nb6 21. Qd1
Rce8 22. Qc2 Nfd7 23. Rd1 Nc5 24. Ra1 Qb5 25. g3 a6 26. Rg1 Nd3 27. Nf1 f5 28.
Ne3 fxe4 29. Bg4 R6e7 30. Qe2 d5 31. f5 d4 32. cxd4 Bxd4 33. fxg6 hxg6 34. Rf1
Rf8 35. Bd2 Rxf1+ 36. Rxf1 Qe5 37. Kg2 Bxb2 38. Nc2 Rf7 39. Rxf7 Kxf7 40. Qe3
Qf6 41. Qh6 Qf2+ 42. Kh1 Qxg3 43. Be3 Nd5 44. Qg5 Qe5 45. Qh6 Nxe3 46. Qxe3 a3
47. Qa7+ Kf6 48. Qb6+ Kg7 49. Qa7+ Kh6 50. Ne3 Bd4 51. Nf5+ gxf5 52. Qxa6+ Qf6
53. Qxa3 fxg4 0-1

[Event "II HSL Istok 2015"]
[Site "Dalj, Vukovar, Zupanja, Oraho"]
[Date "2016.05.14"]
[Round "4.52"]
[White "Golubic, Miroslav"]
[Black "Grandic, Zvjezdan"]
[Result "1/2-1/2"]
[WhiteElo "2027"]
[BlackElo "2191"]
[PlyCount "131"]
[EventDate "2016.04.16"]
[EventType "tourn"]
[EventRounds "11"]
[Source "Croatia"]
[SourceDate "2016.04.16"]

1. e4 d6 2. d4 Nf6 3. Nc3 g6 4. Nf3 Bg7 5. Bc4 O-O 6. O-O Nxe4 7. Nxe4 d5 8.
Bd3 dxe4 9. Bxe4 Nd7 10. c3 Nf6 11. Bc2 b6 12. Re1 Bb7 13. Bg5 e6 14. Qe2 Qc8
15. Ne5 Nd5 16. Ng4 f6 17. Bh6 Bxh6 18. Nxh6+ Kg7 19. Ng4 h5 20. Ne3 Nf4 21.
Qd2 c5 22. Nf5+ gxf5 23. Qxf4 Qc6 24. d5 Qxd5 25. f3 Qc6 26. Bb3 Rae8 27. Rad1
Qc8 28. Rd6 e5 29. Qh4 Rd8 30. Red1 Rxd6 31. Rxd6 Qc7 32. Qg3+ Kh6 33. Qxe5 Qg7
34. Qxf5 Bc8 35. Qf4+ Qg5 36. Qxg5+ Kxg5 37. Kf2 Re8 38. g3 Ba6 39. Bd1 Re7 40.
f4+ Kg6 41. Rd5 Bc4 42. Rxh5 Rd7 43. f5+ Kg7 44. Ke1 Bxa2 45. Rh4 Bb1 46. Rf4
Re7+ 47. Kd2 Rd7+ 48. Kc1 Bd3 49. h4 Kh6 50. g4 Re7 51. Rf2 c4 52. Kd2 Rd7 53.
Kc1 Re7 54. Rg2 Re1 55. g5+ Kg7 56. Rf2 Rg1 57. g6 Rh1 58. h5 Rg1 59. Kd2 Rg5
60. Be2 Bxf5 61. Rh2 Kh6 62. Ke3 Be6 63. Kd4 Rd5+ 64. Ke3 Re5+ 65. Kd4 Rd5+ 66.
Ke3 1/2-1/2

[Event "II HSL Istok 2015"]
[Site "Dalj, Vukovar, Zupanja, Oraho"]
[Date "2016.05.14"]
[Round "4.53"]
[White "Miletic, Josip"]
[Black "Vidalina, Franja"]
[Result "1/2-1/2"]
[WhiteElo "2176"]
[BlackElo "2059"]
[PlyCount "82"]
[EventDate "2016.04.16"]
[EventType "tourn"]
[EventRounds "11"]
[Source "Croatia"]
[SourceDate "2016.04.16"]

1. e4 c5 2. Nf3 Nc6 3. d4 cxd4 4. Nxd4 Nf6 5. Nc3 e5 6. Nf5 d5 7. Nxd5 Nxd5 8.
Qxd5 Qxd5 9. exd5 Bxf5 10. Bb5 Bd7 11. dxc6 Bxc6 12. Bxc6+ bxc6 13. Be3 Bd6 14.
O-O-O Ke7 15. Rd3 h6 16. Rhd1 Rhd8 17. Rb3 Rd7 18. Rc3 Rc8 19. Rcd3 Rcc7 20. c4
Ke6 21. Kc2 f5 22. f3 Rb7 23. b4 Bb8 24. Bc5 Rxd3 25. Rxd3 e4 26. Re3 Bxh2 27.
fxe4 f4 28. Rd3 Ke5 29. a4 Kxe4 30. b5 cxb5 31. axb5 g5 32. Rh3 Bg3 33. Rxh6 g4
34. Re6+ Kf5 35. Re7 Rxe7 36. Bxe7 f3 37. gxf3 gxf3 38. Kd3 Bf2 39. c5 Ke6 40.
Bf8 Kd5 41. c6 Bb6 1/2-1/2

[Event "II HSL Istok 2015"]
[Site "Dalj, Vukovar, Zupanja, Oraho"]
[Date "2016.05.14"]
[Round "4.54"]
[White "Vandjija, Zdenko"]
[Black "Abramovic, Darko"]
[Result "1/2-1/2"]
[WhiteElo "2109"]
[BlackElo "2144"]
[PlyCount "42"]
[EventDate "2016.04.16"]
[EventType "tourn"]
[EventRounds "11"]
[Source "Croatia"]
[SourceDate "2016.04.16"]

1. d4 d5 2. Nf3 Bf5 3. e3 e6 4. Bd3 Bg6 5. Ne5 Nf6 6. Nxg6 hxg6 7. Nd2 Bd6 8.
Nf3 Nbd7 9. Qe2 e5 10. dxe5 Nxe5 11. Nxe5 Bxe5 12. f4 Bd6 13. Bd2 Qe7 14. O-O-O
Bc5 15. Rde1 O-O-O 16. e4 dxe4 17. Bxe4 Qxe4 18. Qxe4 Nxe4 19. Rxe4 Rde8 20.
Rxe8+ Rxe8 21. Re1 Rxe1+ 1/2-1/2

[Event "II HSL Istok 2015"]
[Site "Dalj, Vukovar, Zupanja, Oraho"]
[Date "2016.05.14"]
[Round "4.55"]
[White "Zubak, Zeljko"]
[Black "Ivankovic, Marko"]
[Result "1-0"]
[WhiteElo "2013"]
[BlackElo "1987"]
[PlyCount "73"]
[EventDate "2016.04.16"]
[EventType "tourn"]
[EventRounds "11"]
[Source "Croatia"]
[SourceDate "2016.04.16"]

1. d4 d5 2. c4 e6 3. Nc3 Nf6 4. Bg5 c6 5. e3 Nbd7 6. Bd3 Bd6 7. Nf3 O-O 8. O-O
dxc4 9. Bxc4 e5 10. Bxf6 gxf6 11. Qc2 Re8 12. Rad1 Qe7 13. Nh4 Nf8 14. Nf5 Bxf5
15. Qxf5 Kg7 16. h4 Rad8 17. Qg4+ Kh8 18. Qf5 Kg7 19. d5 Qd7 20. Qh5 Qe7 21. e4
Bc5 22. Rd3 Ng6 23. Rg3 Rh8 24. Qf5 h5 25. Rd1 Qd7 26. dxc6 Qxc6 27. Bxf7 Rxd1+
28. Nxd1 Kxf7 29. Qxg6+ Ke6 30. Nc3 Be7 31. Qf5+ Kf7 32. Qg6+ Ke6 33. Rd3 Qe8
34. Qf5+ Kf7 35. Rd7 Qc8 36. Nd5 Re8 37. Rxe7+ 1-0

[Event "II HSL Istok 2015"]
[Site "Dalj, Vukovar, Zupanja, Oraho"]
[Date "2016.05.14"]
[Round "4.61"]
[White "Matovic, Mihajlo"]
[Black "Vitic, Ivan"]
[Result "0-1"]
[WhiteElo "2186"]
[BlackElo "2307"]
[PlyCount "146"]
[EventDate "2016.04.16"]
[EventType "tourn"]
[EventRounds "11"]
[Source "Croatia"]
[SourceDate "2016.04.16"]

1. e4 c5 2. Nf3 d6 3. d4 cxd4 4. Nxd4 Nf6 5. Nc3 a6 6. Be3 Ng4 7. Bc1 Nc6 8.
Be2 Nf6 9. O-O e5 10. Nb3 Be7 11. Bg5 Be6 12. Bxf6 Bxf6 13. Nd5 Bg5 14. Re1 O-O
15. c3 f5 16. exf5 Bxf5 17. Nd2 Kh8 18. Nc4 b5 19. Nce3 Be6 20. Bf3 Ra7 21. Be4
g6 22. a4 Qb8 23. b4 Ne7 24. Nxe7 Bxe7 25. Qd3 Rc7 26. Bd5 Bd7 27. axb5 axb5
28. Ra8 Qb6 29. Rxf8+ Bxf8 30. Bb3 Qc6 31. Nd5 Ra7 32. Qf3 Bg7 33. Qf7 Ra8 34.
h4 Rf8 35. Qe7 Re8 36. Qg5 Be6 37. Rd1 Bxd5 38. Bxd5 Qxc3 39. h5 Qc2 40. Bf3
gxh5 41. Rxd6 Qb1+ 42. Rd1 Qxb4 43. Qxh5 Rf8 44. Qg4 Qxg4 45. Bxg4 b4 46. Be6
Rf6 47. Bb3 Bf8 48. Rd7 Bc5 49. Rf7 Bxf2+ 50. Kf1 Rxf7 51. Bxf7 Bd4 52. Ke2 Kg7
53. Bd5 Kf6 54. Kd3 Kg5 55. Ke4 Kg4 56. Bg8 h6 57. Bd5 h5 58. Bf7 h4 59. Kd3
Kg3 60. Bd5 Kf2 61. Kd2 Bc3+ 62. Kd3 Ke1 63. Bf3 Bd4 64. Bd5 Kd1 65. Kc4 Bc3
66. Kd3 Kc1 67. Bb3 Kb2 68. Be6 Bd4 69. Kd2 b3 70. Kd1 Be3 71. Ke2 Bc1 72. Kf3
Kc3 73. Bf5 Bf4 0-1

[Event "II HSL Istok 2015"]
[Site "Dalj, Vukovar, Zupanja, Oraho"]
[Date "2016.05.14"]
[Round "4.62"]
[White "Sasvari, Zelimir"]
[Black "Basic, Kresimir"]
[Result "1-0"]
[WhiteElo "2184"]
[BlackElo "2082"]
[PlyCount "73"]
[EventDate "2016.04.16"]
[EventType "tourn"]
[EventRounds "11"]
[Source "Croatia"]
[SourceDate "2016.04.16"]

1. c4 Nf6 2. Nc3 g6 3. g3 Bg7 4. Bg2 d6 5. d3 e5 6. Rb1 a5 7. a3 Nc6 8. e3 O-O
9. Nge2 Bf5 10. h3 Qc8 11. g4 Be6 12. Ng3 Nd7 13. Nd5 a4 14. Bd2 Kh8 15. Bb4
Bxd5 16. Bxd5 Ne7 17. Bg2 f5 18. h4 f4 19. Ne4 fxe3 20. fxe3 Nf6 21. Nf2 c5 22.
Bc3 Qc7 23. h5 gxh5 24. g5 Nfg8 25. Qxh5 h6 26. Be4 Qd7 27. Ng4 Nf5 28. gxh6
Bxh6 29. Nxe5 dxe5 30. Bxe5+ Kh7 31. Rg1 Qe6 32. Rg7+ Kh8 33. Re7+ Qxe5 34.
Rxe5 Ng3 35. Qh3 Nxe4 36. Rxe4 Rae8 37. Ke2 1-0

[Event "II HSL Istok 2015"]
[Site "Dalj, Vukovar, Zupanja, Oraho"]
[Date "2016.05.14"]
[Round "4.63"]
[White "Vecera, Stjepan"]
[Black "Susnjar, Miroslav"]
[Result "0-1"]
[WhiteElo "2082"]
[BlackElo "2179"]
[PlyCount "72"]
[EventDate "2016.04.16"]
[EventType "tourn"]
[EventRounds "11"]
[Source "Croatia"]
[SourceDate "2016.04.16"]

1. e4 e5 2. Nf3 Nc6 3. Bc4 Bc5 4. O-O Nf6 5. d3 d6 6. Bg5 Be6 7. Nc3 h6 8. Bh4
Bxc4 9. dxc4 g5 10. Nxg5 hxg5 11. Bxg5 Rg8 12. Bh4 Nb8 13. Nd5 Nbd7 14. Kh1 c6
15. Nxf6+ Nxf6 16. f4 Rh8 17. Bg5 Nxe4 18. Qd3 Nxg5 19. fxg5 Qxg5 20. Rf5 (20.
Qf5 Qxf5 21. Rxf5 Ke7 22. Raf1 Rh7 23. c3 a5 24. g3 a4 25. Kg2 Ra6 26. Re1 Bb6
27. g4 Bc7 28. Kg3 Ra5 29. h4 b5 30. c5 dxc5 31. g5 Ra8 32. Re4 Rd8 33. Rf2
Rd3+ 34. Kg4 a3 35. bxa3 Rxc3 36. h5 Rc1 37. h6 Rg1+ 38. Kf5 c4 39. a4 Rh8 40.
Rh4 Bb6 41. Re2 Bc7 42. axb5 cxb5 43. a4 Rf1+ 44. Ke4 bxa4 45. Kd5 Rc1 46. Ra2
c3 47. Kc6 Bd6 48. Rhxa4 Ke6 49. Ra8 Rxa8 50. Rxa8 Rh1 51. Ra2 Be7) 20... Qe7
21. Raf1 Rh7 22. c3 a5 23. g3 a4 24. Kg2 Ra6 25. Re1 Bb6 26. g4 Bc7 27. Kg3 Ra5
28. h4 b5 29. c5 dxc5 30. g5 Ra8 31. Re4 Rd8 32. Rf2 Rxd3+ 33. Kg4 a3 34. bxa3
Rxc3 35. h5 Rc1 36. h6 Rg1+ 0-1